| 000 | 01216nmm a2200349 a 4500 | ||
|---|---|---|---|
| 001 | ocm000601609 | ||
| 003 | TR-IsHL | ||
| 005 | 20201028125021.0 | ||
| 008 | 110704s2007 tu tur | ||
| 007 | cr cn | ||
| 020 | _a9789944601726 | ||
| 035 |
_a601609 _b(N$T) |
||
| 050 | 0 | 4 |
_aHG2040.5.T9 _bY89 2007 |
| 090 | 0 | 4 |
_aHG2040.5.T9 _bY89 2007 |
| 245 | 1 | 0 |
_a100 soruda mortgage uygulamaları _h[electronic resource] / _chaz. Burhan Baloğlu...[ve öte.] |
| 250 | _a1. bs. | ||
| 260 |
_aİstanbul : _bİstanbul Ticaret Odası, _c2007 |
||
| 300 | _a136 p. | ||
| 650 | 4 | _aEkonomi ve Finans | |
| 650 | 4 | _aEconomics and Finance | |
| 650 | 0 |
_aİpotek borçları _x Türkiye |
|
| 650 | 0 |
_aMortgage loans _x Turkey |
|
| 650 | 0 |
_aGayrimenkul yatırımı _x Türkiye |
|
| 650 | 0 |
_aReal estate investment _x Turkey |
|
| 650 | 0 |
_aKonut _x Satın alma _x Türkiye |
|
| 650 | 0 |
_aDwellings _x Purchasing _x Turkey |
|
| 650 | 0 |
_aKonut _x Maliye _x Türkiye |
|
| 650 | 0 |
_aHousing _x Finance _x Turkey |
|
| 650 | 7 |
_aBUSINESS & ECONOMICS / Real Estate / Mortgages _2bisacsh |
|
| 700 | 1 | _aBaloğlu, Burhan | |
| 856 | 4 | 0 | _uhttp://search.ebscohost.com/login.aspx?direct=true&scope=site&db=e011xww&AN=601609 |
| 999 |
_c3259 _d3259 |
||